[Event "Asia-ch U20"]
[Site "Waskaduwa"]
[Date "2021.12.19"]
[Round "4"]
[White "Raghunandan, Kaumandur Srihari"]
[Black "Al Shamsi, Hamad Naseer"]
[Result "1-0"]
[WhiteElo "2448"]
[BlackElo "1667"]
[PlyCount "55"]
[EventDate "2021.12.17"]
[EventType "swiss"]
[EventRounds "9"]
[EventCountry "SRI"]
[SourceTitle "CBM 206 Extra"]
[Source "ChessBase"]
[SourceDate "2022.03.31"]
[SourceVersion "1"]
[SourceVersionDate "2022.03.31"]
[SourceQuality "1"]

1. Nf3 Nf6 2. g3 b6 3. Bg2 Bb7 4. 0-0 e6 5. d3 Be7 6. e4 d6 7. Re1 0-0 8. Nbd2 Nbd7 9. d4 Ne8 10. Nf1 e5 11. c3 exd4 12. cxd4 d5 13. e5 c5 14. Ne3 Nc7 15. Nf5 Ne6 16. h4 Re8 17. Bh3 Qc7 18. Be3 Bf8 19. Rc1 Rac8 20. Ng5 Qb8 21. Qh5 Nxg5 22. Bxg5 cxd4 23. Rxc8 Bxc8 24. e6 Rxe6 25. Rxe6 fxe6 26. Nh6+ Kh8 27. Qf7 gxh6 28. Bxe6 1-0

[Event "Asia-ch U20"]
[Site "Waskaduwa"]
[Date "2021.12.18"]
[Round "3"]
[White "Al Shamsi, Hamad Naseer"]
[Black "Amarathunga, Kosala Sandeepa Cha"]
[Result "1-0"]
[WhiteElo "1667"]
[BlackElo "1319"]
[PlyCount "137"]
[EventDate "2021.12.17"]
[EventType "swiss"]
[EventRounds "9"]
[EventCountry "SRI"]
[SourceTitle "CBM 206 Extra"]
[Source "ChessBase"]
[SourceDate "2022.03.31"]
[SourceVersion "1"]
[SourceVersionDate "2022.03.31"]
[SourceQuality "1"]

1. e4 e6 2. d4 d5 3. Nd2 Nf6 4. e5 Nfd7 5. Bd3 c5 6. c3 Nc6 7. Ne2 Be7 8. 0-0 0-0 9. Nf3 f6 10. exf6 Nxf6 11. Nf4 cxd4 12. cxd4 Bd6 13. Re1 Re8 14. Ng5 e5 15. dxe5 Nxe5 16. Bb5 Nc6 17. Rxe8+ Qxe8 18. Nxd5 Qe5 19. Nxf6+ gxf6 20. Bc4+ Kg7 21. Nf3 Qc5 22. Bb3 Bc7 23. Bd5 Bg4 24. Qd2 Qd6 25. Be4 Qe7 26. Qe3 Re8 27. Bxc6 bxc6 28. Qxe7+ Rxe7 29. Be3 Bxf3 30. gxf3 Be5 31. Rc1 Bxb2 32. Rxc6 Be5 33. Rc8 Rb7 34. f4 Bc7 35. Re8 Kf7 36. Re4 a5 37. Kg2 Bd6 38. Kf3 f5 39. Rd4 Ke6 40. Bd2 Rb2 41. Bxa5 Rxa2 42. Bb4 Ra4 43. Rxd6+ Kf7 44. Bd2 Rc4 45. Be3 Rc3 46. Ke2 Ra3 47. Bd4 Ra2+ 48. Kf3 Ra3+ 49. Kg2 Ra4 50. Be5 Ra8 51. Rf6+ Ke7 52. Rxf5 Ke6 53. Rf6+ Kd5 54. Rh6 Ra7 55. Rd6+ Kc4 56. Rc6+ Kd5 57. Rc7 Ra8 58. Rxh7 Ke4 59. Rh3 Kf5 60. Rg3 Ra6 61. Rg5+ Ke4 62. f3+ Ke3 63. f5 Ra2+ 64. Kg3 Rc2 65. f6 Rc8 66. f7 Rf8 67. Rf5 Kd3 68. Bg7 Rxf7 69. Rxf7 1-0

[Event "Asia-ch U20"]
[Site "Waskaduwa"]
[Date "2021.12.17"]
[Round "2"]
[White "Harshavardhan, GB."]
[Black "Al Shamsi, Hamad Naseer"]
[Result "1-0"]
[WhiteElo "2397"]
[BlackElo "1667"]
[PlyCount "65"]
[EventDate "2021.12.17"]
[EventType "swiss"]
[EventRounds "9"]
[EventCountry "SRI"]
[SourceTitle "CBM 206 Extra"]
[Source "ChessBase"]
[SourceDate "2022.03.31"]
[SourceVersion "1"]
[SourceVersionDate "2022.03.31"]
[SourceQuality "1"]

1. d4 Nf6 2. c4 e6 3. Nf3 Bb4+ 4. Nbd2 b6 5. e3 Bb7 6. Bd3 0-0 7. 0-0 d5 8. cxd5 exd5 9. Ne5 Ne4 10. Qc2 Bxd2 11. Bxd2 f6 12. Nf3 Nd7 13. Rfc1 c5 14. dxc5 Ndxc5 15. Bf1 Rc8 16. Be1 Qd7 17. Qd1 Rfd8 18. Nd4 Nd6 19. Be2 f5 20. b3 g6 21. Bc3 Nce4 22. Bb2 Rxc1 23. Rxc1 Rc8 24. f3 Nc5 25. Qd2 Re8 26. Nc2 Ne6 27. Nb4 Nf7 28. a4 Qd6 29. Bb5 Re7 30. Bc6 Nc5 31. Bxb7 d4 32. Bd5 dxe3 33. Bxf7+ 1-0

[Event "Al Ain U20 op 1st"]
[Site "Al Ain"]
[Date "2018.01.02"]
[Round "5"]
[White "Al Shamsi, Hamad Naseer"]
[Black "Al Zaabi, Sultan"]
[Result "0-1"]
[WhiteElo "1412"]
[BlackElo "1875"]
[PlyCount "64"]
[EventDate "2017.12.30"]
[EventType "swiss"]
[EventRounds "9"]
[EventCountry "UAE"]
[SourceTitle "CBM 182 Extra"]
[Source "ChessBase"]
[SourceDate "2018.02.23"]
[SourceVersion "1"]
[SourceVersionDate "2018.02.23"]
[SourceQuality "1"]

1. e4 e5 2. Nf3 Nc6 3. Nc3 Nf6 4. d4 exd4 5. Nxd4 Bc5 6. Nxc6 bxc6 7. Bd3 0-0 8. 0-0 Re8 9. h3 h6 10. Qf3 Bd4 11. Bf4 d5 12. exd5 cxd5 13. Rfe1 c6 14. Be3 Bxe3 15. Rxe3 Rxe3 16. fxe3 Qb6 17. b3 Bd7 18. Na4 Qb4 19. a3 Qe7 20. b4 Re8 21. Re1 Qe5 22. Nc5 Qc3 23. Rf1 Bc8 24. e4 Qd4+ 25. Kh1 dxe4 26. Nxe4 Rxe4 27. Bxe4 Qxe4 28. Qg3 Kh7 29. c3 Nh5 30. Qh2 Be6 31. Kg1 Qe3+ 32. Kh1 Ng3+ 0-1

[Event "Al Ain U20 op 1st"]
[Site "Al Ain"]
[Date "2017.12.31"]
[Round "2"]
[White "Mousavi, Seyed Khalil"]
[Black "Al Shamsi, Hamad Naseer"]
[Result "1-0"]
[WhiteElo "2459"]
[BlackElo "1412"]
[PlyCount "49"]
[EventDate "2017.12.30"]
[EventType "swiss"]
[EventRounds "9"]
[EventCountry "UAE"]
[SourceTitle "CBM 182 Extra"]
[Source "ChessBase"]
[SourceDate "2018.02.23"]
[SourceVersion "1"]
[SourceVersionDate "2018.02.23"]
[SourceQuality "1"]

1. c4 e5 2. Nc3 Nf6 3. Nf3 Nc6 4. e4 Bb4 5. d3 0-0 6. a3 Bc5 7. b4 Bd4 8. Bb2 d6 9. b5 Ne7 10. Nxd4 exd4 11. Ne2 c5 12. bxc6 bxc6 13. Bxd4 Ne8 14. g3 f5 15. Bg2 d5 16. exd5 cxd5 17. 0-0 Nc7 18. Nf4 Rb8 19. Bxa7 Rb7 20. Bc5 dxc4 21. dxc4 Qe8 22. Re1 Rf7 23. Qd6 Kf8 24. Bc6 Na6 25. Bxe8 1-0

[Event "Al Ain Amateur op 4th"]
[Site "Al Ain"]
[Date "2015.12.23"]
[Round "1"]
[White "Al Shamsi, Hamad Naseer"]
[Black "Felix, Winnie"]
[Result "0-1"]
[WhiteElo "1268"]
[BlackElo "1766"]
[PlyCount "52"]
[EventDate "2015.12.23"]
[EventType "swiss"]
[EventRounds "9"]
[EventCountry "UAE"]
[SourceTitle "CBM 170 Extra"]
[Source "ChessBase"]
[SourceDate "2016.02.25"]
[SourceVersion "1"]
[SourceVersionDate "2016.02.25"]
[SourceQuality "1"]

1. e4 Nf6 2. Nc3 e5 3. Nf3 Nc6 4. d4 exd4 5. Nxd4 Bb4 6. Nxc6 bxc6 7. Bd3 d5 8. exd5 cxd5 9. 0-0 0-0 10. h3 Bb7 11. Qf3 Rb8 12. Nb5 a6 13. Nd4 Ne4 14. Bf4 Bd6 15. Bxd6 Qxd6 16. Nf5 Qf6 17. Rfe1 Rfe8 18. Qg4 g6 19. Ne3 Qxf2+ 20. Kh2 f5 21. Qe2 Qg3+ 22. Kg1 Ng5 23. Nxf5 gxf5 24. Qxe8+ Rxe8 25. Rxe8+ Kf7 26. Rae1 Nf3+ 0-1